000
00277nam a2200133Ia 4500
100
_a
Koller A
942
_c
BK
654
_a
Kirchhoff's laws
245
_a
Kirchhoff''''s laws
260
_b
Wiley eastern
_a
New Delhi
_c
1989
300
_a
59
546
_a
ENGLISH
999
_c
20843
_d
20843